Filosofia de la Educacion./ (Registro nro. 8706)

Detalles MARC
000 -LEADER
fixed length control field 01286nam a2200205Ia 4500
005 - FECHA Y HORA DE LA ÚLTIMA TRANSACCIÓN
control field 20230725114343.0
008 - FIXED-LENGTH DATA ELEMENTS--GENERAL INFORMATION
fixed length control field 230725s9999 xx 000 0 und d
020 ## - INTERNATIONAL STANDARD BOOK NUMBER
International Standard Book Number 9681807405
040 ## - CATALOGING SOURCE
Original cataloging agency UPAN
Transcribing agency Biblioteca San Vicente
Description conventions RCAA2
041 ## - LANGUAGE CODE
Language code of text/sound track or separate title spa
082 ## - DEWEY DECIMAL CLASSIFICATION NUMBER
Classification number 370.1
Item number B875f
año de publicación 1994
100 ## - MAIN ENTRY--PERSONAL NAME
Personal name Broudy, Harry S.
Relator code aut.
245 #0 - TITLE STATEMENT
Title Filosofia de la Educacion./
Remainder of title Harry S. Broudy
250 ## - EDITION STATEMENT
Edition statement 1° ed., 6° reimp.
260 ## - PUBLICATION, DISTRIBUTION, ETC. (IMPRINT)
Place of publication, distribution, etc Mexico:
Name of publisher, distributor, etc Limusa,
Date of publication, distribution, etc 1994
300 ## - PHYSICAL DESCRIPTION
Extent 424 p.:
Dimensions 22 cm.
505 ## - FORMATTED CONTENTS NOTE
Formatted contents note Primera parte. El hombre, la sociedad y la escuela<br/>1. Definición y filosofía de la educación <br/>2. La vida buena como objetivo de la educación <br/>3. La estructura y dinámica de la personalidad <br/>4. La educación en el orden social<br/>5. Realidad y conocimiento <br/>Segunda parte. Valores en la empresa educativa<br/>6. Educación y valores<br/>7. Los valores económicos, de la salud y recreativos<br/>8. Los valores de asociación <br/>9. Los valores estéticos <br/>10. Los valores morales<br/>11. Los valores religiosos <br/>Tercera parte. La vida buena y la escuela<br/>12. El plan de estudios I<br/>13. El plan de estudios II<br/>14. Metodología <br/>15. Organización de un sistema educativo <br/>16. Edifique su propia filosofía de la educación
650 ## - SUBJECT ADDED ENTRY--TOPICAL TERM
Source of heading or term LEMB
Topical term or geographic name as entry element Filosofía
General subdivision Educación
9 (RLIN) 1
942 ## - ADDED ENTRY ELEMENTS (KOHA)
Koha item type Libros
Source of classification or shelving scheme Dewey Decimal Classification
Existencias
Withdrawn status Lost status Source of classification or shelving scheme Damaged status Not for loan Collection code Home library Current library Date acquired Total Checkouts Full call number Barcode Date last seen Copy number Price effective from Koha item type
    Dewey Decimal Classification     Colección General Biblioteca UPAN San Vicente Biblioteca UPAN San Vicente 25/07/2023   370.1 B875f 12003942 25/07/2023 01 25/07/2023 Libros
    Dewey Decimal Classification     Colección General Biblioteca UPAN San Vicente Biblioteca UPAN San Vicente 25/07/2023   370.1 B875f 12003903 25/07/2023 02 25/07/2023 Libros
    Dewey Decimal Classification     Colección General Biblioteca UPAN San Vicente Biblioteca UPAN San Vicente 25/07/2023   370.1 B875f 12003904 25/07/2023 03 25/07/2023 Libros
    Dewey Decimal Classification     Colección General Biblioteca UPAN San Vicente Biblioteca UPAN San Vicente 25/07/2023   370.1 B875f 12001256 25/07/2023 04 25/07/2023 Libros
    Dewey Decimal Classification     Colección General Biblioteca UPAN San Vicente Biblioteca UPAN San Vicente 25/07/2023   370.1 B875f 12001257 25/07/2023 05 25/07/2023 Libros